000 00245nam a2200097Ia 4500
001 797798
005 20250826170814.0
008 250824s9999 xx 000 0 und d
245 0 _aUZAKLARIN ŞARKISI
_cKAAN MURAT YANIK
260 _bEVEREST YAYINLARI
999 _c797798
_d797798